logo

Bir Sreshtho Munshi Abdur Rouf Library
Jhenaidah Cadet College

কবি হেয়াত মামুদ / (Record no. 9989)

MARC details
000 -LEADER
fixed length control field 00704nam a2200217 a 4500
001 - CONTROL NUMBER
JCCL Control Number 9989
003 - CONTROL NUMBER IDENTIFIER
JCCL marc code BD-JhCC
005 - DATE AND TIME OF LATEST TRANSACTION
control field 20180404101052.0
008 - FIXED-LENGTH DATA ELEMENTS--GENERAL INFORMATION
fixed length control field 171012s1961 bg |||| ||a| 000 0 ben d
035 ## - SYSTEM CONTROL NUMBER
system control number (BD-JhCC)9989
040 ## - CATALOGING SOURCE
Original cataloging agency BD-JhCC
Modifying agency BD-JhCC
041 ## - LANGUAGE CODE
Language code of Book ben
082 ## - DEWEY DECIMAL CLASSIFICATION NUMBER
Classification number 891.4415
Author mark and Year ISL 1961
100 ## - MAIN ENTRY--PERSONAL NAME
Personal name ইসলাম, ডক্টর মযহারুল
245 ## - TITLE STATEMENT
Title কবি হেয়াত মামুদ /
Statement of responsibility, etc ডক্টর মযহারুল ইসলাম
260 ## - PUBLICATION, DISTRIBUTION, ETC. (IMPRINT)
Place of publication, distribution, etc রাজশাহী :
Name of publisher, distributor, etc মুস্তাফা নুরউল ইসলাম,
Date of publication, distribution, etc 1961.
300 ## - PHYSICAL DESCRIPTION
Pagination Verius p. :
Dimensions 24 cm.
650 ## - SUBJECT ADDED ENTRY--TOPICAL TERM
Topical term or geographic name as entry element Poetry
942 ## - ADDED ENTRY ELEMENTS (KOHA)
Source of classification or shelving scheme Dewey Decimal Classification
Koha item type Books
Holdings
Source of classification or shelving scheme Damaged status Not for loan Home library Current library Shelving location Date of accession Cost, normal purchase price Total Checkouts Full call number Barcode Date last seen Copy number Koha item type
Dewey Decimal Classification     JCC Rouf Library JCC Rouf Library General Stacks 02/04/2018 15.00   891.4415 ISL 1961 10994 04/04/2018 C-1 Books

JCC Library | Contacts | JCC Home

Last Update on 23 September 2017
Copyright @ 2017-2020 JCC Rouf Library
Rouf Library, Jhenidah Cadet College (JCC), Bangladesh